01365nam a2200229 4500020001500000040001200015082001700027100003200044245016300076260004800239300003900287500001300326520047400339546001500813600005100828650004400879650002800923650003900951942001200990999001901002952011401021 a9960897710 cPK-NSHS a297.63 bABU aAbu Khalil, Shawqi,9113222 aAtlas on the prophets (P.B.U.H) biography/bAn Authentic Collection of Iformation on Proophet's Seerah With Maps, Illustrations & Pictures:cShawqi Abu Khalil aRiyadh: bDar-us-Salam Publications,c2003. a292 pages :billustrations, maps ; aDC010825 aThis book rounds up a series of atlases, written and compiled by the author in the same pattern. It reviews the biography of the Prophet (S) and tracks the places he honored by his visits, the battles he fought, and the expeditions and envoys he directed. The book presents all the required maps, illustrations, drawings and pictures. Briefings and excerpts have been added to the pictures and drawings for better understanding, benefit and satisfaction of the readers. aIn English aMuhammad, prophet (PBUH) -- biography.9130290 aMuhammad, Prophet -- Biography.9130291 aIslam-- History.937202 aMuhammad, Prophet -- Wars.9130292 2ddccBK c614517d614517 00102ddc4070aNSHSbNSHSd2025-08-11g1500.00o297.63 ABUpNSHS-2036r2025-08-11v3000.00w2025-08-11yBK